| 000 | 00404nam a22001697a 4500 | ||
|---|---|---|---|
| 003 | OSt | ||
| 005 | 20260520125931.0 | ||
| 008 | 260520b |||||||| |||| 00| 0 eng d | ||
| 040 | _cAL | ||
| 041 | _aeng | ||
| 082 | _a020.2 CATO | ||
| 100 |
_aCatherine Soanes _9264191 |
||
| 245 | _aOxford A-Z of Spelling | ||
| 260 |
_aNew Delhi _bOxford University Press _c2010 |
||
| 300 | _a140p | ||
| 942 |
_2ddc _cBED |
||
| 999 |
_c241475 _d241475 |
||